000
00307nam a22001337a 4500
003
SGT
020
_a
9788171327669
082
_a
371.9,GOE
100
_a
GOEL S K
245
_a
SPECIAL EDUCATION AND REHABILITATION SERVICES
260
_a
JAIPUR
_b
POINTER PUBLISHARS
_c
2013
300
_a
230
942
_2
ddc
_c
BK
999
_c
34113
_d
34113